University Home | Library Home | Institutional Repository

Les murmures de Satan : (Record no. 81501)

MARC details
000 -LEADER
fixed length control field 00639cam0a220019300 4500
001 - CONTROL NUMBER
control field qcf00209730
005 - DATE AND TIME OF LATEST TRANSACTION
control field 20190816090626.0
008 - FIXED-LENGTH DATA ELEMENTS--GENERAL INFORMATION
fixed length control field 830513s1959 fr 000 0 fre d
035 ## - SYSTEM CONTROL NUMBER
System control number (Sirsi) r124278
035 ## - SYSTEM CONTROL NUMBER
System control number (QCAT)lss03763575
035 ## - SYSTEM CONTROL NUMBER
System control number (UPRA)qcf00209730
040 ## - CATALOGING SOURCE
Modifying agency UPRA
100 2# - MAIN ENTRY--PERSONAL NAME
Personal name Saint Pierre, Michel de, 1916-1987.
Dates associated with a name Saint Pierre, Michel de, 1916-1987.
Linkage A92374.1
245 14 - TITLE STATEMENT
Title Les murmures de Satan :
Remainder of title roman /
Statement of responsibility, etc. Michel de Saint Pierre.
260 ## - PUBLICATION, DISTRIBUTION, ETC.
Place of publication, distribution, etc. Paris :
Name of publisher, distributor, etc. Calmann-Levy,
Date of publication, distribution, etc. 1959.
490 0# - SERIES STATEMENT
Series statement Le Cercle du livre de France
Linkage S13859.1
949 ## - LOCAL PROCESSING INFORMATION (OCLC)
a PQ2637.A362
w lcc
i -178525
m MAIN
t BOOK
l ON-SHELF

No items available.

© 2026 - The University of Zambia Library - Koha v25.11